| 000 | 01454nac a22003011i 4500 | ||
|---|---|---|---|
| 003 | EG-ScBUE | ||
| 005 | 20240130104507.0 | ||
| 008 | 121128s1995 ua b f b 000 0 ara d | ||
| 040 |
_aEG-ScBUE _bara _erda _cEG-ScBUE _dEG-ScBUE |
||
| 041 | 1 |
_aara _heng |
|
| 043 | _afw----- | ||
| 082 | 0 | 4 |
_a966 _bب ا ن _222 |
| 100 | 1 |
_aبانيكار، ك. مادهو، _d1896-1963، _eمؤلف. _931513 |
|
| 245 | 1 | 2 |
_aالوثنية والإسلام : _bتاريخ الإمبراطوريات الزنجية فى غربي إفريقية / _cتأليف ك. مادهو بانيكار ؛ ترجمه وعلق عليه وحققه على مصادره العربية أحمد فؤاد بلبع. |
| 264 | 1 |
_aالقاهرة : _bالمجلس الأعلى للثقافة، _c1995. |
|
| 300 |
_a481 صفحة : _bخرائط ؛ _c24 سم. |
||
| 336 |
_2rdacontent _aنص _btxt |
||
| 337 |
_aبدون وسيط _2rdamedia _bn |
||
| 338 |
_aمجلد _bnc _2rdacarrier |
||
| 490 | 0 | _aالمشروع القومي للترجمة | |
| 504 | _aيشتمل على إرجاعات ببليوجرافية. | ||
| 546 | _aالنص باللغة العربية وتم ترجمته من اللغة الإنجليزية. | ||
| 650 | 7 |
_aالإسلام _yإفريقيا الغربية. _2BUEsh _931515 |
|
| 651 | 7 |
_aأفريقيا الغربية _xأحوال اقتصادية. _2BUEsh _931516 |
|
| 655 | _vReading book | ||
| 700 | 1 |
_aبلبع، أحمد فؤاد، _eمترجم. _931517 |
|
| 942 |
_cBB _2ddc |
||
| 999 |
_c7124 _d7124 |
||